Bandeiras com a Lua Crescente do Islã - Statistics

Estatísticas Gerais
  • Esse quiz foi jogado 418 vezes
  • A pontuação média é 6 de 7
Estatísticas das Respostas
Imagem Resposta % Correto
Turquia
99%
Tunísia
90%
Argélia
88%
Paquistão
88%
Mauritânia
80%
Líbia
73%
Maldivas
52%
Nenhum quiz correspondente encontrado
Distribuição das Pontuações
Porcentagem de Pessoas com Cada Pontuação
Percentil de Números Respondidos
Sua Pontuação Histórica
Você não jogou esse quiz